00837 a2200157 45000010006000000050017000060080041000230030015000640400040000790800064001192450061001832640049002443000019002935050358003121000009006703754420260407155643.0260407a1968 arg spa dAR-UNSa-BCEJYS aAR-UNSa-BCEJYSbspacAR-UNSa-BCEJYS a658.7xCompras. Aprovisionamiento. Gestión de existencias10aLa programación y el control de los aprovisionamientos 1aMadrid :bIberico Europea de Edicionesc1968 a249 p.c22 cm. a1. La programación y el control de las compras - 2. La organización de la función de aprovisionamientos - 3. La organización administrativa de las compras - 4. La programación y el control de las compras en la práctica empresarial - 5. Distintas aplicaciones prácticas según la naturaleza de la actividad por la empresa y su dimensión.1 aISEO